Central Library OPAC University of Rajshahi

গণহত্যা ৭১ / (Record no. 76096)

MARC details
000 -LEADER
fixed length control field 00886nam a22002417a 4500
001 - CONTROL NUMBER
control field 76096
003 - CONTROL NUMBER IDENTIFIER
rucl marc code BD-RjUL
005 - DATE AND TIME OF LATEST TRANSACTION
control field 20211209082806.0
008 - FIXED-LENGTH DATA ELEMENTS--GENERAL INFORMATION
fixed length control field 191024s2017 bg ||||| b||| 00| 0 ben d
020 ## - INTERNATIONAL STANDARD BOOK NUMBER
International Standard Book Number 9789849263791
035 ## - SYSTEM CONTROL NUMBER
System control number (BD-RjUL)76317
040 ## - CATALOGING SOURCE
Original cataloging agency BD-RjUL
Language of cataloging eng
Transcribing agency BD-RjUL
041 ## - LANGUAGE CODE
Language code of text/sound track or separate title eng
082 ## - DEWEY DECIMAL CLASSIFICATION NUMBER
Edition number 23
Classification number 954.9205
Author mark and year DEJ 2017
100 ## - MAIN ENTRY--PERSONAL NAME
Personal name দে, তপন কুমার
9 (RLIN) 234030
245 ## - TITLE STATEMENT
Title গণহত্যা ৭১ /
Statement of responsibility, etc. তপন কুমার দে
260 ## - PUBLICATION, DISTRIBUTION, ETC. (IMPRINT)
Place of publication, distribution, etc. ঢাকা :
Name of publisher, distributor, etc. নওরোজ সাহিত্য ‍সংসদ,
Date of publication, distribution, etc. ২০১৭
300 ## - PHYSICAL DESCRIPTION
Pagination ৪৬০ পৃ. ;
Size ২২ সেমি.
650 ## - SUBJECT ADDED ENTRY--TOPICAL TERM
Topical term or geographic name as entry element Genocide
Geographic subdivision Bangladesh.
9 (RLIN) 234033
651 ## - SUBJECT ADDED ENTRY--GEOGRAPHIC NAME
Geographic name বাংলাদেশ
General subdivision ইতিহাস
Chronological subdivision মুক্তিযুদ্ধ, ১৯৭১
9 (RLIN) 234031
Geographic name Bangladesh
General subdivision History
Chronological subdivision Revolution, 1971
9 (RLIN) 234032
942 ## - ADDED ENTRY ELEMENTS (KOHA)
Source of classification or shelving scheme Dewey Decimal Classification
Koha item type Books
Holdings
Lost status Source of classification or shelving scheme Damaged status Not for loan Permanent Location Current Location Shelving location Date acquired Source of acquisition Cost, normal purchase price Full call number Date last seen Copy number Koha item type
  Dewey Decimal Classification   Not For Loan Central Library, University of Rajshahi Central Library, University of Rajshahi Reading Room 24/09/2019 Vidyasagar, Rajshahi 500.00 B 954.9205 DEJ 2017 24/10/2019 C-1 Books